000 00659nmm a2200193Ia 4500
008 251105s9999||||xx |||||||||||||||||und||
020 _a9788416421626
041 _aspa
100 _aAtienza de Frutos, D.
245 0 _aLa construcción de la identidad en tiempos de crisis: el papel de la violencia y la religión
264 _a[Madrid, España] :
_bAnthropos,
_c2017
300 _a336 páginas
490 _aPensamiento crítico / Pensamiento utópico
650 _aPhilosophy, Ethics
700 _aAtienza de Frutos, D.
700 1 _a García-Ramos Gallego, D. (coords.)
856 _uhttps://public.digitaliapublishing.com/a/54648
942 _cCF
999 _c62202
_d62202